Mythriyude porul: (Record no. 181600)

000 -LEADER
fixed length control field 00430nam a2200157 4500
020 ## - INTERNATIONAL STANDARD BOOK NUMBER
ISBN 9788197943973
082 ## - DEWEY DECIMAL CLASSIFICATION NUMBER
Classification number M4
Item number SYA/M
100 ## - MAIN ENTRY--AUTHOR NAME
Personal name Syamkumar T S
245 ## - TITLE STATEMENT
Title Mythriyude porul:
Sub Title sanathana dharmmathinte vimarsha padangal/
Statement of responsibility, etc by Syamkumar T S
260 ## - PUBLICATION, DISTRIBUTION, ETC. (IMPRINT)
Place of publication Thiruvananthapuram:
Name of publisher Chintha,
Year of publication 2025.
300 ## - PHYSICAL DESCRIPTION
Number of Pages 200p.
650 ## - SUBJECT ADDED ENTRY--TOPICAL TERM
Topical Term Essays Malayalam
650 ## - SUBJECT ADDED ENTRY--TOPICAL TERM
Topical Term Literature Malayalam
650 ## - SUBJECT ADDED ENTRY--TOPICAL TERM
Topical Term Literature
942 ## - ADDED ENTRY ELEMENTS (KOHA)
Koha item type Book
Holdings
Withdrawn status Lost status Damaged status Not for loan Permanent Location Current Location Shelving location Date acquired Cost, normal purchase price Full call number Accession Number Price effective from Koha item type
        Sree Sankaracharya University of Sanskrit Sree Sankaracharya University of Sanskrit Stacks 18.05.2026 450.00 M4 SYA/M 108594 18.05.2026 Book